[Event "64th ch-RUS HL"]
[Site "Taganrog RUS"]
[Date "2011.06.23"]
[Round "8"]
[White "Kryakvin, Dmitry"]
[Black "Khismatullin, Denis"]
[Result "1-0"]
[WhiteElo "2551"]
[BlackElo "2656"]
[PlyCount "55"]
[EventDate "2011.06.15"]

1. e4 c5 2. Nf3 d6 3. d4 cxd4 4. Qxd4 Nf6 5. Nc3 Nc6 6. Bb5 Bd7 7. Bxc6 Bxc6 8.
Bg5 e6 9. O-O-O Be7 10. Qd3 Qa5 11. Bd2 Qc7 12. Nd4 O-O 13. f4 Rfc8 14. g4 Nxg4
15. Rhg1 Nf6 16. f5 e5 17. Bh6 Bf8 18. Rxg7+ Bxg7 19. Rg1 Nh5 20. Bxg7 exd4 21.
Bxd4+ Kf8 22. Qh3 Ke7 23. Qxh5 Rf8 24. e5 Rad8 25. exd6+ Rxd6 26. Bc5 Qa5 27.
Bxd6+ Kxd6 28. Qh6+ 1-0

[Event "IX Gyorgy Marx Mem"]
[Site "Paks HUN"]
[Date "2011.06.18"]
[Round "2"]
[White "Smirin, I."]
[Black "Acs, Peter"]
[Result "1-0"]
[WhiteElo "2661"]
[BlackElo "2606"]
[PlyCount "91"]
[EventDate "2011.06.17"]

1. e4 e5 2. Nf3 Nc6 3. Bb5 a6 4. Ba4 Nf6 5. O-O Be7 6. Re1 b5 7. Bb3 d6 8. c3
O-O 9. h3 Na5 10. Bc2 c5 11. d4 Nd7 12. Nbd2 exd4 13. cxd4 Nc6 14. d5 Nce5 15.
Nh2 Ng6 16. a4 Rb8 17. axb5 axb5 18. Ndf3 Re8 19. Bd2 Bf6 20. Ba5 Qe7 21. e5
Ndxe5 22. Nxe5 Bxe5 23. Nf3 Qf6 24. Bd2 h6 25. Nxe5 dxe5 26. Bxg6 Qxg6 27. Ra3
Qd6 28. Qh5 Qxd5 29. Bxh6 Rb6 30. Rg3 g6 31. Rd1 Qe4 32. Be3 Rc6 33. Qg5 c4 34.
h4 b4 35. h5 c3 36. bxc3 b3 37. Rd8 Rce6 38. hxg6 fxg6 39. Rxe8+ Rxe8 40. Qf6
Re6 41. Qd8+ Kf7 42. Rh3 Re8 43. Rh7+ Kg8 44. Qxe8+ Kxh7 45. Qf7+ Kh8 46. Bg5
1-0